书目信息 |
| 题名: |
成功择业大课堂
|
|
| 作者: | 范修初 , 蒋彦 编著 | |
| 分册: | ||
| 出版信息: | 北京 金盾出版社 2005.01 |
|
| 页数: | 259页 | |
| 开本: | 21cm | |
| 丛书名: | ||
| 单 册: | ||
| 中图分类: | C913.2 | |
| 科图分类: | ||
| 主题词: | 职业选择--zhi ye xuan ze--基本知识 | |
| 电子资源: | ||
| ISBN: | 7-5082-3301-8 | |
| 000 | 00945nam0 2200265 450 | |
| 001 | 012006639810 | |
| 005 | 20060329184754.92 | |
| 010 | @a7-5082-3301-8@dCNY13.50 | |
| 100 | @a20060329d2005 km y0chiy0120 ea | |
| 101 | 0 | @achi |
| 102 | @aCN@b110000 | |
| 105 | @aa a 000yy | |
| 200 | 1 | @a成功择业大课堂@Acheng gong ze ye da ke tang@f范修初, 蒋彦编著@Ffan xiu chu,jiang yan bian zhu |
| 210 | @a北京@c金盾出版社@d2005.01 | |
| 215 | @a259页@c图@d21cm | |
| 300 | @a一本指导成功择业的实用书 | |
| 320 | @a有书目 (第259页)。 | |
| 330 | @a本书对如何实现成功择业做了详尽阐述,主要包括:怎样认识自我、发现自我;求职择业的实用方法;在激烈的竞争中胜出的技巧;如何做职场上的常胜将军等。 | |
| 333 | @a职场中工作人员及广大求职人员。 | |
| 606 | 0 | @a职业选择@Azhi ye xuan ze@x基本知识 |
| 690 | @aC913.2@v4 | |
| 701 | 0 | @a范修初@Afan xiu chu@4编著 |
| 701 | 0 | @a蒋彦@Ajiang yan@4编著 |
| 801 | 0 | @aCN@bQSSK@c20060329 |
| 905 | @a10447@dC913.2@eF140 | |
| 成功择业大课堂/范修初, 蒋彦编著.-北京:金盾出版社,2005.01 |
| 259页:图;21cm |
| 一本指导成功择业的实用书.-使用对象:职场中工作人员及广大求职人员。 |
| ISBN 7-5082-3301-8:CNY13.50 |
| 本书对如何实现成功择业做了详尽阐述,主要包括:怎样认识自我、发现自我;求职择业的实用方法;在激烈的竞争中胜出的技巧;如何做职场上的常胜将军等。 |
| ● |
| 相关链接 |
|
|
|
正题名:成功择业大课堂
索取号:C913.2/F140
 
预约/预借
| 序号 | 登录号 | 条形码 | 馆藏地/架位号 | 状态 | 备注 |
| 1 | 557001 | 205570014 | 社科库509/509社科库 61排5列4层/ [索取号:C913.2/F140] | 在馆 | |
| 2 | 557002 | 205570023 | 社科库509/509社科库 61排5列4层/ [索取号:C913.2/F140] | 在馆 | |
| 3 | 557003 | 205570032 | 社科库509/509社科库 61排5列4层/ [索取号:C913.2/F140] | 在馆 |